| 000 -CABECERA |
| fixed length control field |
00823nam a22002177a 4500 |
| 003 - IDENTIFICADOR DEL NÚMERO DE CONTROL |
| control field |
AR-CdUCM |
| 008 - DATOS DE LONGITUD FIJA--INFORMACIÓN GENERAL |
| fixed length control field |
190318b ||||| |||| 00| 0 spa d |
| 040 ## - FUENTE DE LA CATALOGACIÓN |
| Agencia/entidad que catalogó originalmente la obra |
MUNICIPALIDAD PROVINCIAL DEL CUSCO |
| Entidad que transcribió la catalogación |
BIBLIOTECA MUNICIPAL DEL CUSCO |
| 082 ## - NÚMERO DE LA CLASIFICACIÓN DECIMAL DEWEY |
| No. de Clasificación |
541 / |
| Notacion interna |
G46 |
| 100 ## - ENTRADA PRINCIPAL--NOMBRE DE PERSONA |
| Nombre Personal |
Gilchrist, J. D. |
| 245 ## - MENCIÓN DE TÍTULO |
| Título |
Hornos / |
| 260 ## - PUBLICACIÓN, DISTRIBUCIÓN, ETC. |
| Lugar de publicación, distribución, etc. |
Madrid: |
| Nombre de la editorial, distribuidor, etc. |
Alambra, |
| Fecha de publicación, distribución, etc. |
1969. |
| 300 ## - DESCRIPCIÓN FÍSICA |
| Nº de Páginas Extensión |
167 paginas ; |
| Otros detalles físicos |
Diagramas, |
| Dimensiones |
20 cm. |
| 440 ## - MENCIÓN DE SERIE/PUNTO DE ACCESO ADICIONAL--TÍTULO |
| Título |
Colección Exedra - ciencia técnica - ingeniería |
| Número de la parte/sección de una obra |
53 |
| 9 (RLIN) |
18728 |
| 505 ## - NOTA DE CONTENIDO CON FORMATO |
| Nota de contenido formateada |
Generación y evolución del calor -- La combustión de los distintos combustibles -- Conversión de la energía eléctrica en calor -- Transmisión del calor... |
| 650 ## - PUNTO DE ACCESO ADICIONAL DE MATERIA--TÉRMINO DE MATERIA |
| Descriptor |
Química industrial |
| 9 (RLIN) |
18719 |
| 650 ## - PUNTO DE ACCESO ADICIONAL DE MATERIA--TÉRMINO DE MATERIA |
| Descriptor |
Energía eléctrica |
| 9 (RLIN) |
18729 |
| 650 ## - PUNTO DE ACCESO ADICIONAL DE MATERIA--TÉRMINO DE MATERIA |
| Descriptor |
Aerodinámica |
| 9 (RLIN) |
18730 |
| 942 ## - ELEMENTOS DE PUNTO DE ACCESO ADICIONAL (KOHA) |
| Fuente de clasificación |
|
| Tipo de item |
Libros-BMC |
| 945 ## - PROCESAMIENTO DE INFORMACIÓN LOCAL (OCLC) |
| Catalogador |
wnts |